000 00633nam a2200193Ia 4500
003 IN-BaIIA
008 211028s9999 xx 000 0 eng d
020 _a0-471-73610-4
040 _cIIA Library
080 _a530.145
_bSTE
100 _aStenholm, Stig
_929631
245 0 _aQuantum approach to informatics
_cStig Stenholm and Kalle-Antti Suominen
260 _aNew Jersey
_bJohn Wiley & Sons
_c2005
300 _axii, 238p.
650 _aComputer science - mathematics
_929632
650 _aQuantum computers
_924942
650 _aQunatum theory - mathematics
_929633
942 _cBK
999 _c16026
_d16026